Rzeki polski po opiniach na mapach google - Statystyki

Ogólne statystyki
  • Ten quiz został rozwiązany 22 razy
  • Średni wynik to 6 z 19
Statystyki odpowiedzi
Opinia Rzeka % Poprawnych
Cudowne miejsce Jest bez wątpienia Jedną z najpiękniejszych rzek Europy i wciąż dzika. Mam nadzieję że jej nigdy nie uregulują . Wspaniała trasa dla kajakarzy !!! . Wisła
67%
Fajny szlam wypływa do tej rzeki Odra
56%
Opinia po 5-cio dniowym spływie na trasie Trawniki - Szczekarków Niestety rzeka zanieczyszczona przez ludzi. Po trasie mnóstwo pływających śmieci zatrzymujących się na zwalonych drzewach, gałęziach. Częstym widokiem są pływające plastikowe butelki, wiadra, słoiki, plastikowe reklamówki, puszki... jest tego naprawdę dużo. Zdarzały się także opony, a nawet stary kineskop. Bardzo brakuje na trasie zaplecza turystycznego dla spływających. Przewodnik pdf który znalazłem w Internecie (pięknie zrobiony, z mapami) nie do końca mówi prawdę. W większości przypadków możemy raczej liczyć na noclegi "na dziko" ponieważ sporo "miejsc odpoczynku" nie nadaje się do noclegowania. Niewiele wiat, a przy tych które już są - śmieci w rozerwanych workach (pewnie po imprezach organizowanych przez "tubylców"). Często miejsca przeznaczone na "odpoczynek" nie posiadają pomostów a skarpy są na tyle wysokie, że nie ma mowy o wciągnięciu kajaka, czy wyjściu na brzeg. Oczywiście zdarzają się chlubne wyjątki, jak np. przystań w Szczekarkowie (u Pawła Szczepaniaka-camping pierwsza klasa) czy na przystani w Łańcuchowie (Kajakowe Love-camping na wysokim poziomie jak na camping oczywiście). Na marginesie to ten właśnie odcinek najbardziej polecam na spływ. To warto. Zdarzały się na trasie miejsca, gdzie przy "miejscach odpoczynku" były ładne, murowane toalety publiczne... zamknięte na klucz. Żeby z nich skorzystać, trzeba chyba do wójta dzwonić żeby ktoś przyjechał i otworzył :) - Jaszczów, Zawieprzyce - WSTYD. No i w ten sposób się Wieprz dorabia kolejnych śmietnisk i "toalet polowych" Woda w Wieprzu - podejrzanie mętna... Nad tym się nie będę rozwodził, bo tak naprawdę to może i jest czysta biologicznie a tego stwierdzić nie potrafię. Wieprz
50%
Niby królowa, ale w brudnych szatach chodzi. Dzika, bywa piękna, ale jest jak kobieta, nieregularna i nieprzewidywalna. W Warszawie skupia wokół siebie ludzi - trochę dzieli stolicę na pół - z resztą jak całą Polskę, ale w stolicy widać to najbardziej - jedna strona wybetonowana, pełna barów i ludzi, druga strona wabi zielenią i plażą. Brakuje jej jednego - szacunku od nas - ludzi. Wisła
50%
Najlepsza rzeka świata, można napotkać ciekawy gatunek ryby - Pecynus Zdupus, bierze na białe robaki. W lato zdecydowanie warto wybrać się na jedną z wielu łach i poczuć klimat wybrzeża, Bugówka, czyli rzeczna woda nadaje się do spożycia. Bug
44%
Świetne miejsce do obserwacji ptaków. Warta
33%
Niestety brak miejsca do cumowania i niestety obiadu nie dało się zjeść Narew
28%
Nic się nie zmienia tylko lat przybywa . Warta
28%
Cudowne miejsce!! piękne widoki!! WSZYSTKO PIĘKNE!! A to najpiękniejsze miejsce jakie wiedziałem <33 Wisła
28%
Wspaniała i potężna rzeka, polecam okolice Tczewa. Wisła
28%
Jedna z najładniejszych polskich rzek. Okolice Kamieńczyka Bug
22%
Piękna pyszna rzeka , która w ostatnim roku nawet zamieniła sie w azjatycko - rybną restauracje. Szkoda tylko że kucharz który dodał tą magiczną przyprawę nie pomyslał że zatruł te pyszne przysmaki. Po za tym nurt też dobry by bezwładnie i nieświadomie z nim płynąć. Odra
22%
Już jeszcze wąska,ale piękna Warta
22%
Spokojna rzeka, czyste piaszczyste dno. Warta
22%
Polecam, rzeka z promem na samochody na drugi brzeg, ale bardzo długo się płynie Warta
22%
Piękne miejsca do wędkowania ale dużo łowisk zaśmieconych przez wędkarzy pozostawione opakowania po zanętach rozbite butelki po alkocholu Wisła
22%
Piękny wschód słońca. Ciepła woda w miarę czysta. Trochę za dużo ludzi na skuterach,ale w środku tygodnia cisza. Rybostan ubogi jak wszędzie, Narew
17%
Ciekawa rzeka pod względem #spinningteam sporo drapieżnika. Wieprz
17%
Trochę brudna woda. Sporo ryb, dziki nie uregulowany nurt. Naturalne meandruje. Wieprz
17%
Nie znaleziono quizów pasujących do podanych kryteriów
Rozkład punktacji
Procent ludzi z każdym wynikiem
Percentyl według liczby udzielonych odpowiedzi
Twoja historia wyników
Nie rozwiązałeś tego quizu